Countries I've Visited (Devvik2) - Statistics

General Stats
  • This quiz has been taken 141 times
    16 since last reset
  • The average score is 14 of 23
Answer Stats
Country % Correct
Germany
100%
United States
100%
Australia
93%
Italy
93%
Spain
93%
Canada
86%
Norway
79%
Sweden
79%
India
71%
Indonesia
71%
Ireland
71%
United Kingdom
71%
New Zealand
64%
Switzerland
57%
Belgium
50%
Malaysia
43%
Croatia
36%
Hungary
36%
Czech Republic
29%
Slovenia
29%
Slovakia
21%
United Arab Emirates
21%
Bahrain
0%
No matching quizzes found
Score Distribution
Percent of People with Each Score
Percentile by Number Answered
Your Score History
You have not taken this quiz since the last reset